[Event "104th ch-GBR 2017"]
[Site "Llandudno WLS"]
[Date "2017.08.03"]
[Round "6.41"]
[White "Zhu, Richard"]
[Black "Coathup, Roger H"]
[Result "1/2-1/2"]
[WhiteElo "2036"]
[BlackElo "2151"]
[WhiteFideId "426377"]
[BlackFideId "407062"]
[EventDate "2017.07.29"]

1. d4 Nf6 2. Bg5 e6 3. e3 h6 4. Bh4 c5 5. c3 b6 6. Nd2 Bb7 7. Ngf3 g5 8. Bg3 Be7
9. h3 Rg8 10. Qc2 h5 11. O-O-O d6 12. Bb5+ Bc6 13. Bxc6+ Nxc6 14. Qa4 Qd7 15.
dxc5 bxc5 16. Nc4 Ne5 17. Qxd7+ Nexd7 18. Bxd6 Ne4 19. Bxe7 Kxe7 20. Rhf1 g4 21.
hxg4 Rxg4 22. Rxd7+ Kxd7 23. Nfe5+ Ke7 24. Nxg4 hxg4 25. f3 Ng3 26. Rd1 gxf3 27.
gxf3 Rh8 28. Kc2 Rh3 29. a4 Nf5 30. e4 Nh4 31. Ne5 Nxf3 32. Nc6+ Kf6 33. Nxa7
Ke5 34. Nb5 Rh2+ 35. Kb3 Nd2+ 36. Ka2 Nc4 37. Kb3 Na5+ 38. Ka3 Nc4+ 39. Kb3 Na5+
40. Ka3 Nc4+ 1/2-1/2

[Event "104th ch-GBR 2017"]
[Site "Llandudno WLS"]
[Date "2017.08.03"]
[Round "6.42"]
[White "Brewer, Callum D"]
[Black "Okhai, Shabir"]
[Result "1-0"]
[WhiteElo "2015"]
[BlackElo "2111"]
[WhiteFideId "435309"]
[BlackFideId "445134"]
[EventDate "2017.07.29"]

1. e4 e5 2. Nf3 Nc6 3. Nc3 Nf6 4. d4 exd4 5. Nxd4 Bb4 6. Nxc6 bxc6 7. Bd3 d6 8.
Bg5 h6 9. Bh4 a5 10. O-O Bxc3 11. bxc3 g5 12. Bg3 Nd7 13. f4 Nc5 14. Bc4 Be6 15.
Bxe6 Nxe6 16. f5 Nc5 17. Qd4 f6 18. e5 fxe5 19. Bxe5 O-O 20. Qc4+ Rf7 21. Bd4
Qe8 22. Bxc5 dxc5 23. Qxc5 Qe4 24. Rae1 Qd5 25. Re5 Qxa2 26. Qxc6 Raf8 27. Qxh6
Qxc2 28. f6 Qh7 29. Rxg5+ Kh8 30. Qxh7+ Kxh7 31. Rxa5 Rxf6 32. Rxf6 Rxf6 33. Rc5
c6 34. g4 Rg6 35. h3 Re6 36. Kf2 Kg7 37. Kg3 Rf6 38. g5 Rd6 39. h4 Re6 40. h5
Kf7 41. Kf4 Rd6 42. Kf5 Ke7 43. h6 Kf7 44. c4 Kg8 45. g6 Kh8 46. Re5 Rd8 47. Re7
Rc8 48. Ke6 Kg8 49. Kd7 Rf8 50. Re8 Kh8 51. Rxf8# 1-0

[Event "104th ch-GBR 2017"]
[Site "Llandudno WLS"]
[Date "2017.08.03"]
[Round "6.43"]
[White "Cole, James"]
[Black "Verma, Aditya"]
[Result "0-1"]
[WhiteElo "1950"]
[BlackElo "2071"]
[WhiteFideId "431818"]
[BlackFideId "426202"]
[EventDate "2017.07.29"]

1. e4 c5 2. Nf3 d6 3. d4 cxd4 4. Nxd4 Nf6 5. Nc3 g6 6. Be3 Bg7 7. f3 Nc6 8. Qd2
O-O 9. O-O-O Nxd4 10. Bxd4 Be6 11. Kb1 Nd7 12. h4 Bxd4 13. Qxd4 Qa5 14. h5 Qe5
15. Qd2 Rfc8 16. a3 Rab8 17. hxg6 fxg6 18. f4 Qa5 19. f5 Bf7 20. Qh6 Nf8 21. g4
Rxc3 22. bxc3 Qxa3 23. Qc1 Qa2# 0-1

[Event "104th ch-GBR 2017"]
[Site "Llandudno WLS"]
[Date "2017.08.03"]
[Round "6.44"]
[White "Golding, James"]
[Black "Byron, Alan M"]
[Result "1/2-1/2"]
[WhiteElo "1942"]
[BlackElo "2064"]
[WhiteFideId "427250"]
[BlackFideId "401773"]
[EventDate "2017.07.29"]

1. d4 Nf6 2. c4 g6 3. Nc3 Bg7 4. e4 d6 5. f3 O-O 6. Be3 Nc6 7. Nge2 a6 8. Qd2
Bd7 9. Nc1 e5 10. d5 Nd4 11. N1e2 c5 12. dxc6 Nxc6 13. Qxd6 Qa5 14. Qd2 b5 15.
Nd5 Qxd2+ 16. Kxd2 bxc4 17. Nec3 Rab8 18. Rb1 Nxd5 19. Nxd5 Na5 20. Bb6 c3+ 21.
bxc3 Bh6+ 22. Ke1 Be6 23. Bxa6 Bxd5 24. exd5 Be3 25. Ke2 Bxb6 26. Rhd1 Bc5 27.
Rxb8 Rxb8 28. d6 Nc6 29. Rd2 Rb6 30. Bc8 Nd8 31. d7 Kf8 32. a4 Ke7 33. a5 Rd6
34. Rb2 Ne6 35. g3 Nf8 36. Rb5 Rc6 37. Rb7 Kd8 38. Kd3 Rc7 39. Rxc7 Kxc7 40. Kc4
Ba7 41. Kd5 f6 42. c4 Nxd7 43. Bxd7 Kxd7 44. c5 Bb8 45. a6 Ba7 46. c6+ Kc7 47.
Ke6 Bd4 48. a7 Bxa7 49. Kxf6 Bd4 50. Kg5 Be3+ 51. Kf6 Bg1 52. h3 Bh2 53. Kxe5
Bxg3+ 54. Kf6 Kxc6 55. Kg7 g5 56. Kxh7 Kd5 57. Kg6 Bh4 58. Kf5 Kd4 59. f4 1/2-1/2

[Event "104th ch-GBR 2017"]
[Site "Llandudno WLS"]
[Date "2017.08.03"]
[Round "6.45"]
[White "Modi, Shyam Jagdish"]
[Black "Jayawarna, Nugith"]
[Result "1/2-1/2"]
[WhiteElo "1908"]
[BlackElo "2054"]
[WhiteFideId "446025"]
[BlackFideId "434884"]
[EventDate "2017.07.29"]

1. e4 c5 2. Nf3 e6 3. d4 cxd4 4. Nxd4 Nc6 5. Nb5 d6 6. c4 a6 7. N5c3 Nf6 8. Na3
Be7 9. Be2 O-O 10. Be3 Qc7 11. O-O b6 12. Rc1 Ne5 13. f3 Bb7 14. b4 Rac8 15. Qb3
Ned7 16. Rfd1 Qb8 17. Na4 Bd8 18. Kh1 Bc7 19. Bg1 Rfd8 20. c5 dxc5 21. bxc5 Nxc5
22. Nxc5 Rxd1 23. Bxd1 bxc5 24. Rxc5 Bd6 25. Rxc8+ Bxc8 26. Nc4 Qxb3 27. Bxb3
Bc7 28. Nb6 Bb7 29. Ba4 Bd6 30. Be3 Kf8 31. Kg1 Ke7 32. Nc4 Nd7 33. Nxd6 Kxd6
34. Kf2 Bc6 35. Bxc6 Kxc6 36. g4 Kb5 37. Bd4 1/2-1/2

[Event "104th ch-GBR 2017"]
[Site "Llandudno WLS"]
[Date "2017.08.03"]
[Round "6.46"]
[White "Taylor, William J"]
[Black "Anilkumar, Anantha P"]
[Result "1-0"]
[WhiteElo "2048"]
[BlackElo "1932"]
[WhiteFideId "423130"]
[BlackFideId "424730"]
[EventDate "2017.07.29"]

1. e4 c5 2. Nf3 d6 3. d4 cxd4 4. Nxd4 Nf6 5. Nc3 g6 6. Be3 a6 7. Qd2 Ng4 8. Bg5
h6 9. Bh4 Bg7 10. f3 Nf6 11. a4 b6 12. Be2 Bb7 13. O-O Nbd7 14. Nb3 O-O 15. Bf2
Rc8 16. Qe3 Qc7 17. Rad1 Rfd8 18. Rd2 Nc5 19. Rfd1 Nxb3 20. cxb3 Nd7 21. Bc4 Nc5
22. Qe2 Ra8 23. Rc2 Qd7 24. a5 Qc7 25. b4 b5 26. Bd5 Ne6 27. Bxe6 fxe6 28. Nxb5 1-0

[Event "104th ch-GBR 2017"]
[Site "Llandudno WLS"]
[Date "2017.08.03"]
[Round "6.47"]
[White "Ashworth, Michael"]
[Black "Humphreys, Jerry G"]
[Result "0-1"]
[WhiteElo "1946"]
[BlackElo "2041"]
[WhiteFideId "425044"]
[BlackFideId "408158"]
[EventDate "2017.07.29"]

1. d4 Nf6 2. c4 g6 3. Nc3 d5 4. Nf3 Bg7 5. Bg5 Ne4 6. cxd5 Nxg5 7. Nxg5 e6 8.
Nf3 exd5 9. b4 Qd6 10. a3 O-O 11. e3 c6 12. Bd3 Bg4 13. O-O Nd7 14. h3 Bxf3 15.
Qxf3 a6 16. Rfc1 f5 17. Ne2 Nf6 18. Qf4 Qe7 19. Rab1 Ne4 20. Bxe4 fxe4 21. Qg3
Rf5 22. Nc3 Raf8 23. Nd1 Bf6 24. Rc2 Qd8 25. a4 Be7 26. Qg4 Rg5 27. Qe2 Qd7 28.
Kf1 Bd6 29. b5 axb5 30. axb5 Bh2 31. h4 Rg3 32. bxc6 bxc6 33. Qa6 Qg4 34. Qxc6
Rxg2 35. Qxd5+ Kh8 36. Ke1 Bg3 37. Qb5 Bxf2+ 38. Rxf2 Rg1+ 39. Kd2 Rxd1+ 40.
Rxd1 Rxf2+ 41. Kc1 Qc8+ 42. Qc5 Qa8 43. Qc3 Rf8 44. Qb3 Rb8 45. Qf7 Qa3+ 46. Kd2
Rf8 47. Qxf8+ Qxf8 48. Kc3 Qa3+ 49. Kc2 Qa4+ 50. Kc1 Qc4+ 51. Kb2 Qe2+ 52. Kc1
Qxe3+ 53. Rd2 Qc3+ 54. Kd1 e3 0-1

[Event "104th ch-GBR 2017"]
[Site "Llandudno WLS"]
[Date "2017.08.03"]
[Round "6.48"]
[White "Shepherd, Katherine M"]
[Black "Ahluwalia, Amardip"]
[Result "1-0"]
[WhiteElo "1929"]
[BlackElo "1995"]
[WhiteFideId "412031"]
[BlackFideId "437085"]
[EventDate "2017.07.29"]

1. d4 Nf6 2. Nf3 d5 3. c4 e6 4. e3 b6 5. cxd5 exd5 6. Bb5+ c6 7. Bd3 Bb7 8. O-O
Bd6 9. b3 O-O 10. Bb2 Nbd7 11. Ne5 Re8 12. f4 c5 13. Nd2 a6 14. a4 Nb8 15. Ndf3
Nc6 16. Ng5 Rf8 17. Rf3 Nb4 18. Bxh7+ Nxh7 19. Nxh7 Bc8 20. Nxf8 Qxf8 21. Rg3
Qe8 22. Qh5 Qe6 23. Rh3 Kf8 24. Qh8+ Ke7 25. Qxg7 Bxe5 26. fxe5 1-0

[Event "104th ch-GBR 2017"]
[Site "Llandudno WLS"]
[Date "2017.08.03"]
[Round "6.49"]
[White "Hewson, Brian W R"]
[Black "Cocks, Elliot"]
[Result "0-1"]
[WhiteElo "2023"]
[BlackElo "2036"]
[WhiteFideId "437484"]
[BlackFideId "444545"]
[EventDate "2017.07.29"]

1. d4 c5 2. d5 f5 3. c4 Nf6 4. Nc3 g6 5. h4 Bg7 6. Nh3 a6 7. a4 O-O 8. Nf4 e5 9.
dxe6 dxe6 10. Qxd8 Rxd8 11. g3 Nc6 12. Bg2 Na5 13. Be3 Ng4 14. Bxc5 Nb3 15. Be7
Re8 16. Ra3 Nd4 17. Bc5 Nc2+ 18. Kd2 Nxa3 19. bxa3 Ne5 20. Rb1 Nxc4+ 21. Kd3
Ne5+ 22. Kc2 Nc6 23. e3 Be5 24. Nd3 Bc7 25. Bb6 Re7 26. Nc5 Kf7 27. f4 Ke8 28.
Kd3 Bxb6 29. Rxb6 Kd8 30. Nxb7+ Bxb7 31. Rxb7 Rxb7 32. Bxc6 Rd7+ 33. Bxd7 Kxd7
34. e4 Rb8 35. Kc4 Rb2 36. exf5 gxf5 37. a5 Rg2 38. Na4 Kc6 39. Kb4 Rxg3 40. Nc5
Rg4 41. Nxe6 Kd6 42. Nd4 Rxf4 43. Kc3 Kd5 0-1

[Event "104th ch-GBR 2017"]
[Site "Llandudno WLS"]
[Date "2017.08.03"]
[Round "6.50"]
[White "Haridas, Girinath"]
[Black "Davis, Lee"]
[Result "1/2-1/2"]
[WhiteElo "1977"]
[BlackElo "1952"]
[WhiteFideId "427144"]
[BlackFideId "1801325"]
[EventDate "2017.07.29"]

1. d4 Nf6 2. c4 g6 3. Nc3 Bg7 4. e4 d6 5. f4 O-O 6. Nf3 e5 7. fxe5 dxe5 8. d5 c6
9. Bd3 b5 10. Qe2 bxc4 11. Bxc4 Bb7 12. Bg5 Nbd7 13. Rd1 Qa5 14. O-O Rae8 15.
Kh1 cxd5 16. Nxd5 Nxd5 17. Bxd5 Ba6 18. Bc4 Bxc4 19. Qxc4 Nb6 20. Qb3 Qa6 21.
Rfe1 h6 22. Be3 Rd8 23. Nh4 Qc4 24. Bxb6 Qxb3 25. axb3 axb6 26. Nf3 Rfe8 27. Kg1
f6 28. Kf2 Bf8 29. Ke2 Kf7 30. g4 Be7 31. h3 Rxd1 32. Rxd1 Rd8 33. Ra1 Rd7 1/2-1/2

[Event "104th ch-GBR 2017"]
[Site "Llandudno WLS"]
[Date "2017.08.03"]
[Round "6.51"]
[White "Garnett, John S"]
[Black "Howell, Oliver W"]
[Result "1/2-1/2"]
[WhiteElo "2005"]
[BlackElo "1701"]
[WhiteFideId "410829"]
[BlackFideId "435929"]
[EventDate "2017.07.29"]

1. c4 g6 2. g3 Bg7 3. Bg2 Nf6 4. Nf3 c5 5. d4 cxd4 6. Nxd4 O-O 7. O-O Nc6 8. Nc3
Nxd4 9. Qxd4 d6 10. Qd3 a6 11. Bf4 Qc7 12. Rac1 Rb8 13. c5 Qxc5 14. Nd5 Nxd5 15.
Rxc5 Nxf4 16. gxf4 dxc5 17. b3 Bf5 18. e4 Be6 19. e5 Bf5 20. Qc4 Rfc8 21. Rc1 b5
22. Qe2 c4 23. bxc4 bxc4 24. Bd5 c3 25. Be4 Bxe4 26. Qxe4 Rb6 27. Qd4 Rbc6 28.
Rc2 Bh6 29. Kg2 Rc4 30. Qa7 Bxf4 31. Qxe7 Bd2 1/2-1/2

[Event "104th ch-GBR 2017"]
[Site "Llandudno WLS"]
[Date "2017.08.04"]
[Round "7.1"]
[White "Gormally, Daniel W"]
[Black "McShane, Luke J"]
[Result "1/2-1/2"]
[WhiteTitle "GM"]
[BlackTitle "GM"]
[WhiteElo "2462"]
[BlackElo "2644"]
[WhiteFideId "406465"]
[BlackFideId "404853"]
[EventDate "2017.07.29"]

1. e4 e5 2. Nf3 Nc6 3. Bb5 Nf6 4. d3 Bc5 5. O-O Nd4 6. Nxd4 Bxd4 7. Nd2 c6 8.
Ba4 d6 9. c3 Bb6 10. Nc4 Bc7 11. Bb3 Be6 12. Re1 h6 13. Qf3 O-O 14. Ne3 Qd7 15.
d4 exd4 16. cxd4 d5 17. exd5 cxd5 18. Bc2 Rfe8 19. Bd2 Rad8 20. Bc3 Qc6 21. Rac1
Qd6 22. g3 Qd7 23. Rcd1 Bd6 24. Nf5 Bxf5 25. Bxf5 Qc6 26. Rc1 Bf8 27. Kg2 Rxe1
28. Rxe1 Re8 29. Rxe8 Qxe8 30. Bc2 Qe6 31. Qf5 Bd6 32. Qxe6 fxe6 33. f4 Kf7 34.
Kf3 g6 35. g4 h5 36. h3 hxg4+ 37. hxg4 Nd7 38. f5 gxf5 39. gxf5 Bf8 40. fxe6+ 1/2-1/2

[Event "104th ch-GBR 2017"]
[Site "Llandudno WLS"]
[Date "2017.08.04"]
[Round "7.2"]
[White "Hawkins, Jonathan"]
[Black "Emms, John M"]
[Result "0-1"]
[WhiteTitle "GM"]
[BlackTitle "GM"]
[WhiteElo "2582"]
[BlackElo "2468"]
[WhiteFideId "412686"]
[BlackFideId "400254"]
[EventDate "2017.07.29"]

1. d4 Nf6 2. c4 e6 3. Nc3 Bb4 4. Qc2 O-O 5. Nf3 d6 6. a3 Bxc3+ 7. Qxc3 b6 8. g3
Bb7 9. Bg2 Nbd7 10. O-O a5 11. b3 Be4 12. Bb2 Qb8 13. Bh3 c6 14. Nh4 d5 15. f3
Bg6 16. Nxg6 hxg6 17. Rfe1 b5 18. e4 bxc4 19. bxc4 Nb6 20. cxd5 cxd5 21. Bc1 Rc8
22. Qd3 Qa7 23. Bg5 Rc6 24. Rac1 Rxc1 25. Rxc1 Nc4 26. Bg2 Rb8 27. Bxf6 gxf6 28.
exd5 exd5 29. f4 Qd7 30. Bxd5 Qxd5 31. Qxc4 Qe4 32. Qc3 Qd5 33. Qc4 Qe4 34. Qc3
a4 35. Re1 Qd5 36. Rf1 Rb3 37. Qc5 Qe4 38. d5 Rd3 39. d6 Rd2 40. Rf2 Rd1+ 41.
Rf1 Rd2 42. Rf2 Rd1+ 43. Rf1 Rd3 44. Rf2 Kg7 45. Rf1 Rd2 46. Rf2 Rd1+ 47. Rf1
Rd5 48. Qc3 Rxd6 49. Re1 Qd5 50. Qb4 Qc6 51. Qe4 Qc5+ 52. Qe3 Qc2 53. Re2 Rd1+
54. Kf2 Qc6 55. Re1 Qc2+ 56. Re2 Qc4 57. Qe7 Rd3 58. Qb4 Qc6 59. Re3 Rb3 60. Qe7
Qh1 61. h4 Rb1 62. Re1 Qh2+ 63. Kf3 Rb3+ 64. Re3 Qc2 65. Qd6 Qc1 66. Rd3 Qd2 0-1

[Event "104th ch-GBR 2017"]
[Site "Llandudno WLS"]
[Date "2017.08.04"]
[Round "7.3"]
[White "Howell, David W L"]
[Black "Eggleston, David J"]
[Result "1/2-1/2"]
[WhiteTitle "GM"]
[BlackTitle "IM"]
[WhiteElo "2702"]
[BlackElo "2394"]
[WhiteFideId "410608"]
[BlackFideId "412120"]
[EventDate "2017.07.29"]

1. d4 Nf6 2. c4 e6 3. Nc3 Bb4 4. Qc2 O-O 5. a3 Bxc3+ 6. Qxc3 b6 7. Bg5 Bb7 8. f3
h6 9. Bh4 d5 10. e3 Nbd7 11. cxd5 Nxd5 12. Bxd8 Nxc3 13. Bh4 Nd5 14. Bf2 c5 15.
e4 Ne7 16. Ne2 f5 17. exf5 Nxf5 18. dxc5 Nxc5 19. Nc3 Rfd8 20. Rd1 Ba6 21. Rxd8+
Rxd8 22. Bxc5 Bxf1 23. Rxf1 bxc5 24. Rf2 Kf7 25. Ne4 c4 26. Rc2 Ne3 27. Re2 Nf5
28. Nf2 Nd4 29. Re4 Nc2+ 30. Ke2 Nd4+ 31. Kf1 h5 32. Kg1 Kf6 33. Re3 Rb8 34. Nd1
e5 35. Kf2 Rd8 36. Nc3 Rb8 37. Na4 Ne6 38. Re4 Rc8 39. Ke1 Nf4 40. g3 Nd3+ 41.
Ke2 Kf5 42. Ke3 Rb8 43. g4+ hxg4 44. fxg4+ Kg5 45. h3 Kh4 46. b4 cxb3 47. Kxd3
b2 48. Nc3 b1=Q+ 49. Nxb1 Rxb1 50. Rxe5 1/2-1/2

[Event "104th ch-GBR 2017"]
[Site "Llandudno WLS"]
[Date "2017.08.04"]
[Round "7.4"]
[White "Houska, Jovanka"]
[Black "Jones, Gawain C B"]
[Result "0-1"]
[WhiteTitle "IM"]
[BlackTitle "GM"]
[WhiteElo "2402"]
[BlackElo "2660"]
[WhiteFideId "405094"]
[BlackFideId "409561"]
[EventDate "2017.07.29"]

1. d4 g6 2. e4 d6 3. g3 Nf6 4. Bg2 c5 5. c3 Qc7 6. Ne2 Bg7 7. O-O O-O 8. h3 Nc6
9. Be3 b6 10. Na3 Ba6 11. Re1 e5 12. d5 Ne7 13. b4 Qd7 14. Rb1 Nh5 15. b5 Bb7
16. Qd2 f5 17. f3 Nxg3 18. Nxg3 f4 19. Bf2 fxg3 20. Bxg3 g5 21. Qxg5 Rf6 22. Kh2
Rg6 23. Qh5 Rf8 24. Nc4 Rff6 25. Bh4 Rh6 26. Qg5 Ng6 27. Bf2 Nf4 28. Qg4 Qe8 29.
Ne3 Rfg6 30. Nf5 Rxg4 31. Nxh6+ Bxh6 32. fxg4 Nd3 33. Rf1 Nxf2 34. Rxf2 Bf4+ 35.
Kh1 Bc8 36. c4 Qg6 37. Bf3 Qh6 38. Bg2 Bxg4 0-1

[Event "104th ch-GBR 2017"]
[Site "Llandudno WLS"]
[Date "2017.08.04"]
[Round "7.5"]
[White "Pert, Nicholas"]
[Black "Wells, Peter K"]
[Result "1-0"]
[WhiteTitle "GM"]
[BlackTitle "GM"]
[WhiteElo "2558"]
[BlackElo "2434"]
[WhiteFideId "403989"]
[BlackFideId "400327"]
[EventDate "2017.07.29"]

1. d4 Nf6 2. Nf3 d5 3. Bf4 c5 4. e3 cxd4 5. exd4 Bg4 6. c3 Bxf3 7. Qxf3 Nc6 8.
Bd3 e6 9. Nd2 Bd6 10. Bg5 h6 11. Bh4 Be7 12. Qe2 Nd7 13. Bg3 Bh4 14. Nf3 Bxg3
15. hxg3 Qe7 16. Kf1 a6 17. Re1 Nf6 18. Kg1 Qc7 19. a4 Ke7 20. Ne5 Nxe5 21. dxe5
Nd7 22. Rh4 Rhc8 23. Rf4 Qd8 24. Qh5 Qg8 25. Re3 g5 26. Rb4 Qg7 27. Rxb7 Rcb8
28. Rxb8 Rxb8 29. Qe2 Nc5 30. b4 Nxa4 31. Bc2 Nb6 32. Qxa6 Qf8 33. Qa7+ Nd7 34.
Ba4 Qd8 35. Rf3 Ra8 36. Qxd7+ Qxd7 37. Bxd7 Ra1+ 38. Kh2 Kxd7 39. Rxf7+ 1-0

[Event "104th ch-GBR 2017"]
[Site "Llandudno WLS"]
[Date "2017.08.04"]
[Round "7.6"]
[White "Zhou, Yang-Fan"]
[Black "Murphy, Conor E"]
[Result "1/2-1/2"]
[WhiteTitle "IM"]
[WhiteElo "2468"]
[BlackElo "2154"]
[WhiteFideId "468584"]
[BlackFideId "421669"]
[EventDate "2017.07.29"]

1. e4 c5 2. Nf3 e6 3. d4 cxd4 4. Nxd4 Nc6 5. Nc3 Qc7 6. f4 a6 7. Nxc6 bxc6 8.
Bd3 d5 9. O-O Nf6 10. Qe2 Be7 11. Bd2 O-O 12. Rae1 Re8 13. Kh1 Bf8 14. b3 Bb7
15. e5 Nd7 16. Na4 c5 17. c4 d4 18. Be4 Bxe4 19. Qxe4 g6 20. h4 h5 21. g4 Qd8
22. g5 Qc7 23. Rb1 a5 24. Kg1 Ra6 25. Nb2 Nb8 26. Kh2 Nc6 27. Kh3 Ne7 28. Rf3
Nf5 29. Rd3 Rb8 30. Na4 Be7 31. Re1 Kg7 32. Rd1 Qa7 33. Re1 Rb7 34. Rd1 Qb8 35.
Qe1 Qa8 36. Qh1 Qc8 37. Qe4 Qa8 38. Qh1 Qc8 1/2-1/2

[Event "104th ch-GBR 2017"]
[Site "Llandudno WLS"]
[Date "2017.08.04"]
[Round "7.7"]
[White "Hanley, Craig A"]
[Black "Adair, James R"]
[Result "1-0"]
[WhiteTitle "IM"]
[BlackTitle "IM"]
[WhiteElo "2441"]
[BlackElo "2481"]
[WhiteFideId "408514"]
[BlackFideId "406252"]
[EventDate "2017.07.29"]

1. d4 d5 2. c4 e6 3. Nf3 Nf6 4. g3 Bb4+ 5. Bd2 Be7 6. Bg2 O-O 7. O-O c6 8. Na3
b6 9. Rc1 Ba6 10. cxd5 cxd5 11. Ne5 Ne4 12. Bf4 g5 13. Be3 Nd6 14. Re1 Nf5 15.
Bd2 f6 16. e4 fxe5 17. exf5 Rxf5 18. g4 Rf7 19. Rxe5 Qd7 20. Qc2 Bf6 21. Rxg5+
Bxg5 22. Bxg5 Bb7 23. Qd2 Nc6 24. Re1 Kh8 25. Qe2 Raf8 26. Bh4 Rf4 27. Nc2 Nxd4
28. Nxd4 Rxd4 29. Qe5+ Qg7 30. Bg3 Rxg4 31. Qxe6 Rxg3 32. hxg3 Qxb2 33. Re2 Qa1+
34. Re1 Qb2 35. f4 Qd4+ 36. Kh2 Qf6 37. Qxf6+ Rxf6 38. Re7 Bc6 39. Rxa7 d4 40.
Bxc6 Rxc6 41. Rd7 Rc2+ 42. Kh3 Rxa2 43. Kg4 b5 44. f5 Ra6 45. Kg5 Rb6 46. f6 Kg8
47. Rg7+ Kh8 48. Kf5 d3 49. Rd7 Kg8 50. Rg7+ Kh8 51. Rg4 d2 52. Rd4 Kg8 53. Rxd2
b4 54. Rd8+ Kf7 55. Rd7+ Ke8 56. Re7+ Kd8 57. Rxh7 Ke8 58. Kg6 b3 59. Rh8+ Kd7
60. Rh1 b2 61. Rb1 Rb3 62. g4 Ke6 63. f7 Rb8 64. Kg7 Rb7 65. Re1+ Kd5 66. Kg8 1-0

[Event "104th ch-GBR 2017"]
[Site "Llandudno WLS"]
[Date "2017.08.04"]
[Round "7.8"]
[White "Hebden, Mark L"]
[Black "McPhillips, Joseph"]
[Result "1-0"]
[WhiteTitle "GM"]
[BlackTitle "FM"]
[WhiteElo "2477"]
[BlackElo "2400"]
[WhiteFideId "400084"]
[BlackFideId "422487"]
[EventDate "2017.07.29"]

1. d4 d5 2. Nf3 Nf6 3. c4 c6 4. e3 Bg4 5. h3 Bh5 6. g4 Bg6 7. Ne5 e6 8. Nd2 Nbd7
9. Nxg6 hxg6 10. Bg2 Bd6 11. O-O O-O 12. Qb3 Rb8 13. Re1 Bc7 14. Qc2 e5 15. g5
Nh5 16. cxd5 cxd5 17. Bxd5 exd4 18. Nf3 Ne5 19. Nxe5 Bxe5 20. exd4 Bf4 21. Qxg6
Qxd5 22. Qxh5 Bc7 23. Qg4 Qd6 24. Qg3 Qxg3+ 25. fxg3 Bxg3 26. Rf1 Rbc8 27. Bf4
Bxf4 28. Rxf4 Rc2 29. Rf2 Rfc8 30. Re1 R8c4 31. Re4 Rc1+ 32. Kg2 Rd1 33. Re7
Rcc1 34. Rexf7 Rg1+ 35. Kh2 Rxg5 36. Rxb7 Rd1 37. Rxa7 Rd3 38. Rg2 Rxg2+ 39.
Kxg2 Rd2+ 40. Kf3 Rxb2 41. d5 Rb4 42. d6 Rg4 43. hxg4 1-0

[Event "104th ch-GBR 2017"]
[Site "Llandudno WLS"]
[Date "2017.08.04"]
[Round "7.9"]
[White "Arakhamia-Grant, Ketevan"]
[Black "Ghasi, Ameet K"]
[Result "0-1"]
[WhiteTitle "GM"]
[BlackTitle "IM"]
[WhiteElo "2364"]
[BlackElo "2467"]
[WhiteFideId "13600168"]
[BlackFideId "409200"]
[EventDate "2017.07.29"]

1. e4 d6 2. d4 Nf6 3. Nc3 g6 4. Be3 Bg7 5. Qd2 c6 6. f3 b5 7. O-O-O Qa5 8. Kb1
Nbd7 9. Bh6 Bxh6 10. Qxh6 Nb6 11. Nce2 Be6 12. Nc1 Nc4 13. Nge2 Bd7 14. Nb3 Qc7
15. Nc3 Nb6 16. Bd3 b4 17. e5 bxc3 18. exf6 exf6 19. Rhe1+ Be6 20. Bxg6 O-O-O
21. Be4 f5 22. Bd3 Nd5 23. Bc4 Rde8 24. Bxd5 cxd5 25. Rd3 cxb2 26. Qd2 Kd7 27.
Kxb2 Rb8 28. Qc3 Qb6 29. Kc1 Rhc8 30. Qd2 Rc4 31. Qh6 Re8 32. Qxh7 Re7 33. Qh6
a5 34. Qd2 a4 35. Rc3 axb3 36. Rxb3 Qc7 37. c3 Re8 38. Qb2 Qa5 39. Ra3 Ra4 40.
Qb7+ Kd8 41. Rb3 Rxa2 42. Qc6 Qc7 43. Qxc7+ Kxc7 0-1

[Event "104th ch-GBR 2017"]
[Site "Llandudno WLS"]
[Date "2017.08.04"]
[Round "7.10"]
[White "Merry, Alan B"]
[Black "Horton, Andrew P"]
[Result "0-1"]
[WhiteTitle "IM"]
[BlackTitle "FM"]
[WhiteElo "2427"]
[BlackElo "2324"]
[WhiteFideId "418811"]
[BlackFideId "424269"]
[EventDate "2017.07.29"]

1. e4 e5 2. f4 d5 3. exd5 exf4 4. Nf3 Nf6 5. Bb5+ c6 6. dxc6 Nxc6 7. Nc3 Bd6 8.
Qe2+ Qe7 9. b3 Be6 10. Bb2 O-O 11. Bxc6 bxc6 12. O-O-O Rfe8 13. Rde1 h6 14. Nd4
Bd7 15. Qd1 Qf8 16. Rxe8 Rxe8 17. Qf1 Re7 18. Nde2 Qb8 19. h3 c5 20. d3 Bc6 21.
Kb1 Nh5 22. Qf2 Ng3 23. Rg1 a5 24. Bc1 Nxe2 25. Nxe2 g5 26. h4 Qc8 27. hxg5 hxg5
28. Nc3 Qe6 29. Rh1 f6 30. a4 Be5 31. Re1 Qd6 32. Bb2 Bd4 33. Qd2 Rxe1+ 34. Qxe1
Qe5 35. Qd2 Qe3 36. Qd1 Bxg2 37. Qh5 Kg7 38. Nd1 Qf3 0-1

[Event "104th ch-GBR 2017"]
[Site "Llandudno WLS"]
[Date "2017.08.04"]
[Round "7.11"]
[White "Fitzsimons, David"]
[Black "Arkell, Keith C"]
[Result "0-1"]
[WhiteTitle "FM"]
[BlackTitle "GM"]
[WhiteElo "2352"]
[BlackElo "2424"]
[WhiteFideId "2501961"]
[BlackFideId "400270"]
[EventDate "2017.07.29"]

1. e4 c6 2. d4 d5 3. Nc3 dxe4 4. Nxe4 Nd7 5. Ng5 Ngf6 6. Bc4 e6 7. Qe2 Nb6 8.
Bb3 a5 9. a4 h6 10. N5f3 c5 11. Bf4 Bd6 12. Ne5 Qc7 13. Bg3 cxd4 14. O-O-O Qc5
15. Ngf3 O-O 16. Nxd4 Nbd5 17. Nb5 Be7 18. Kb1 b6 19. f3 Ba6 20. Bf2 Bxb5 21.
axb5 Qc7 22. Ng6 Rfe8 23. Nxe7+ Rxe7 24. Rd4 Ree8 25. h4 a4 26. Bxa4 Ra7 27. Rc4
Qe7 28. h5 Rea8 29. Rhh4 Nd7 30. c3 Nc5 31. Bxc5 bxc5 32. Rce4 f5 33. Rc4 Nb6
34. Bb3 Nxc4 35. Rxc4 Ra1+ 36. Kc2 Qg5 37. Qd2 Qe7 38. Qe2 Kh8 39. g4 Qd6 40.
Qd2 Qg3 41. gxf5 Qg1 42. Ba2 R1xa2 43. fxe6 Rxb2+ 44. Kxb2 Qa1+ 45. Kb3 Ra3+ 46.
Kc2 Ra2+ 47. Kd3 Qf1+ 0-1

[Event "104th ch-GBR 2017"]
[Site "Llandudno WLS"]
[Date "2017.08.04"]
[Round "7.12"]
[White "Hunt, Adam C"]
[Black "Jackson, James P"]
[Result "0-1"]
[WhiteTitle "IM"]
[BlackTitle "FM"]
[WhiteElo "2424"]
[BlackElo "2286"]
[WhiteFideId "403970"]
[BlackFideId "416860"]
[EventDate "2017.07.29"]

1. e4 c5 2. Nf3 e6 3. d4 cxd4 4. Nxd4 a6 5. Nc3 Qc7 6. Bd3 Nf6 7. O-O d6 8. Be3
Nbd7 9. f4 b5 10. a3 Bb7 11. Qf3 Be7 12. Rae1 O-O 13. g4 g6 14. g5 Ne8 15. Qh3
e5 16. fxe5 Nxe5 17. Nd5 Bxd5 18. exd5 Ng7 19. Be4 Rfe8 20. Nc6 Bf8 21. Qg2 Nh5
22. Bd4 Bg7 23. c3 Nc4 24. Bxg7 Kxg7 25. Qf2 Kg8 26. Bg2 Qb6 27. Nd4 Qa7 28. Kh1
Re5 29. b3 Rxe1 30. Qxe1 Nxa3 31. Qc1 b4 32. Nc6 Qc5 33. Nxb4 Nb5 34. Na2 Re8
35. c4 Nd4 36. b4 Qc8 37. c5 Qg4 38. Re1 Ne2 39. Qd1 Nhg3+ 40. hxg3 Qh5+ 41. Bh3
Qxh3# 0-1